000 00953cab a2200241 4500
001 X2473
008 090401t1995 xxu||||| |||| 00| 0 eng d
035 _a(Sirsi) u24496
041 _aeng
245 _aTesco Stores Ltd v SoS Environment
260 _c1995
350 _a0
490 _aProperty and Compensation Reports
_v(1995) 70 P&CR 184-210(27)
520 _aHL 11 May 1995. Grant of planning permission - competing sites - planning obligation - SoS held that it failed the tests in Annex B, Circular 16/91 - whether obligation a material consideration - question of weight to be attached - whether test of necessity - role of the court - extent of planning authorities` discretion. (Journal abstract.)
650 _aACCESS ROAD
650 _aFUNDING
650 _aPLANNING OBLIGATIONS
650 _aRETAIL DEVELOPMENT
650 _aSUPERSTORES
690 _aPLANNING LAW AND PRACTICE-CASE LAW
942 _n0
948 _c04/03/1997
999 _c16427
_d16427